| 000 | 00642nam a2200193 i 4500 | ||
|---|---|---|---|
| 001 | 96026 | ||
| 003 | ES-MaACL | ||
| 005 | 20250716025355.0 | ||
| 007 | t| | ||
| 008 | 050609s1947 ag ||||1| spa d | ||
| 100 | 1 |
_aMachiavelli, Niccolò, _d1469-1527 _975181 |
|
| 245 | 1 | 3 |
_aEl prĂncipe / _cde Maquiavelo; antimaquiavelo de Federico el Grande; prefacio y cartas de Voltaire. |
| 260 |
_aBuenos Aires : _bIbero Americana, _c1947. |
||
| 300 |
_a278 p. ; _c23 cm. |
||
| 700 | 0 |
_aFederico _bII, _cRey de Prusia. _949068 |
|
| 700 | 0 |
_aVoltaire, _d1694-1778 _9115721 |
|
| 852 |
_aES-MaACL _jC-5541 _bR.25996 |
||
| 999 |
_c96026 _d96026 |
||